| 000 | 00704nam a2200205Ii 4500 | ||
|---|---|---|---|
| 003 | JO-AjNU | ||
| 008 | 230605s9999||||xx |||||||||||||| ||und|| | ||
| 017 | _a1985/10/412 | ||
| 040 |
_aJO-AjNU _bara _erda _cJO-AjNU |
||
| 041 | _aara | ||
| 050 | 1 | 4 | _aLB3051.U93 1985 |
| 100 | 3 |
_aتاليف عودة، أحمد سليمان, _eauthor _957081 |
|
| 245 | 0 | 0 | _aالقياس والتقويم في العملية التدريسية |
| 264 | 3 | 1 | _aاربد: المؤلف، 1985 |
| 300 | _a272ص | ||
| 336 |
_atext _btxt _2rdacontent |
||
| 337 |
_aunmediated _bn _2rdamedia |
||
| 338 |
_avolume _bnc _2rdacarrier |
||
| 650 | 4 |
_aالاختبارات والقياسات التعليمية - التدريس _957082 |
|
| 999 |
_aA25558 _c29126 _d29126 |
||